| 000 | 01410cam a2200409Ia 4500 | ||
|---|---|---|---|
| 001 | ocn811599775 | ||
| 003 | OCoLC | ||
| 005 | 20200320191104.0 | ||
| 008 | 121001s2013 nyua b 000 0 eng d | ||
| 020 | _a9780545552660 (pbk.) | ||
| 020 | _a0545552664 (pbk.) | ||
| 020 | _c13.96 | ||
| 029 | 1 |
_aNZ1 _b14755537 |
|
| 035 | _a(OCoLC)811599775 | ||
| 040 |
_aBTCTA _beng _cBTCTA _dHCO _dBDX _dJAO _dWACOL |
||
| 049 | _aWACL | ||
| 050 | 4 |
_aQP310.S95 _bR93 2013 |
|
| 082 | 0 | 4 |
_a591.57 _223 |
| 092 |
_aE _bRya |
||
| 100 | 1 |
_aRyan, Emma. _95754872 |
|
| 245 | 1 | 0 |
_aSurprising swimmers / _cby Emma Ryan. |
| 260 |
_aNew York, NY : _bScholastic Inc., _c2013. |
||
| 300 |
_a32 p. : _bcol. ill. ; _c23 cm. |
||
| 490 | 1 | _aScholastic reader. Level 2 | |
| 500 | _a"250-750 words"--Cover. | ||
| 521 | 0 | _a3. | |
| 521 | 2 | _aK-2nd. | |
| 520 | _a"Forget fish! Did you know that elephants, pigs, and even some cats know how to swim? Jump right in to see some of the world's most surprising swimmers"--back cover. | ||
| 650 | 0 |
_aAnimal swimming _vJuvenile literature. _95879082 |
|
| 830 | 0 |
_aScholastic reader. _nLevel 2. _950354 |
|
| 938 |
_aBaker and Taylor _bBTCP _nBK0012202579 |
||
| 938 |
_aBrodart _bBROD _n103864822 |
||
| 942 |
_cBOOK _036 |
||
| 948 |
_a04/24/2013 _zSirsi |
||
| 994 |
_a02 _bWACOL |
||
| 996 |
_a97155 _b34301001232331 _cEL _dbk _ewcl _fi _g36 _h13.96 _lpenworthy _mRya _p04/24/2013 _q06/26/2018 _r06/18/2018 |
||
| 999 |
_c280564 _d280564 |
||